01518nam a2200361 a 4500001001200000003000800012006001900020007001500039008004100054020001500095020001800110020002700128040002100155035002100176050002300197245020400220260003500424300001700459490003500476504005100511533015200562650002700714650002500741655002900766700002800795700002600823700002100849710008800870710001700958830003600975856012601011999001901137ebr10477703CaPaEBRm u cr cn|||||||||110707s1999 enk sb 001 0 eng d z185575214X z9781855752146 z9781849402651 (e-book) aCaPaEBRcCaPaEBR a(OCoLC)73383990714aRJ503b.P79 1999eb00aPsychoanalytic psychotherapy of the severely disturbed adolescenth[electronic resource] /cedited by Dimitris Anastasopoulos, Effie Laylou-Lignos, Margot Waddell ; foreword by Dimitris Anastopoulos. aLondon :bKarnac Books,c1999. axxii, 189 p.1 aEFPP clinical monograph series aIncludes bibliographical references and index. aElectronic reproduction.bPalo Alto, Calif. :cebrary,d2013.nAvailable via World Wide Web.nAccess may be limited to ebrary affiliated libraries. 0aAdolescent psychology. 0aAdolescent analysis. 7aElectronic books.2local1 aAnastopoulos, Dimitris.1 aLaylou-Lignos, Effie.1 aWaddell, Margot.2 aEuropean Federation for Psychoanalytic Psychotherapy in the Public Health Services.2 aebrary, Inc. 0aEFPP clinical monograph series.40uhttp://site.ebrary.com/lib/rucke/Doc?id=10477703zAn electronic book accessible through the World Wide Web; click to view c221571d221571